MTG CHEMISTRY JEE MAIN & ADVANCED (Record no. 12484)

MARC details
000 -LEADER
fixed length control field 00245nam a22000977a 4500
008 - FIXED-LENGTH DATA ELEMENTS--GENERAL INFORMATION
fixed length control field 231205b |||||||| |||| 00| 0 eng d
020 ## - INTERNATIONAL STANDARD BOOK NUMBER
International Standard Book Number 9789355559234
100 ## - MAIN ENTRY--PERSONAL NAME
Personal name MTG
9 (RLIN) 7733
245 ## - TITLE STATEMENT
Title MTG CHEMISTRY JEE MAIN & ADVANCED
260 ## - PUBLICATION, DISTRIBUTION, ETC. (IMPRINT)
Place of publication, distribution, etc. New Delhi
Name of publisher, distributor, etc. MTG
Holdings
Withdrawn status Lost status Source of classification or shelving scheme Damaged status Not for loan Home library Current library Shelving location Date acquired Total Checkouts Barcode Checked out Date last seen Price effective from Koha item type
    Dewey Decimal Classification     Good Samaritan School Library Good Samaritan School Library Chemistry 12/05/2023   MTG540   12/05/2023 12/05/2023 BOOK

Powered by Koha